zpět

Detail výsledku týmu

Horakůvka, Šenov

Datum a čas kvízu

41 Celkem bodů Celkový počet nahraných bodů na tomto kvízu bez doplňovacích otázek.
1. Pořadí na kvízu Konečné umístění týmu na tomto kvízu.

Zaznamenané odpovědi

# Otázka Odpověď Body Výsledky
1. S návrhem na přejmenování jedn... o Ústeckém kraji 1
2. Kvůli nalezené pumě z 2. světo... v Drážďanech 1
3. Bývalý člen jedné britské chla... Harry Styles 1
4. Minulý týden byl vypuštěn do s... Mafia; Domovina (The Old Country) 0.5
5. Minulý týden kolovalo sociální... Nizozemci 1
6. Zobrazená ryba pocházející z A... mečovka 1
7. Chovatelé želv, ptáků i nejrůz... vápníku 1
8. Pokud máte psa s průkazem půvo... dysplazie kyčelního kloubu 1
9. Do hraček a dalšího příslušens... šanta 1
10. V poslední otázce přejdeme od... podkladek 1